书目信息 |
| 题名: |
现代膜设备与膜组件组装
|
|
| 作者: | 叶三纯 , 闻浩南 编著 | |
| 分册: | ||
| 出版信息: | 北京 化学工业出版社 2015.02 |
|
| 页数: | 237页 | |
| 开本: | 24cm | |
| 丛书名: | 现代膜技术与应用丛书 | |
| 单 册: | ||
| 中图分类: | TQ028.8 | |
| 科图分类: | ||
| 主题词: | 膜--分离--化工设备 , 膜--分离--组件--组装 | |
| 电子资源: | ||
| ISBN: | 978-7-122-22435-4 | |
| 000 | 01376oam2 2200277 450 | |
| 001 | 0100004827 | |
| 005 | 20170929095805.70 | |
| 010 | @a978-7-122-22435-4@dCNY68.00 | |
| 100 | @a20150210d2015 em y0chiy50 ea | |
| 101 | 0 | @achi |
| 102 | @aCN@b110000 | |
| 105 | @aak z 000yy | |
| 200 | 1 | @a现代膜设备与膜组件组装@9xian dai mo she bei yu mo zu jian zu zhuang@f叶三纯,闻浩南编著 |
| 210 | @a北京@c化学工业出版社@d2015.02 | |
| 215 | @a237页@c图@d24cm | |
| 225 | 2 | @a现代膜技术与应用丛书 |
| 330 | @a本书介绍了膜设备与膜组件组装以及诸多新开发的膜组件与先进的膜元件和实例。第一部分对膜设备与膜组件的基础做了重点介绍包括膜设备的分类、设计与要求;最新MBBR工艺设计的应用;膜组件的主要选择;膜组件的形式与特性;膜组件的开发与改进;膜分离的制氧设备;膜分离用泵及其选定;膜组件的组装方法等。第二部分阐述了反渗透与设备;超滤膜与设备;纳滤膜与设备;微滤膜组件与设备;陶瓷膜与设备;膜生物反应器与膜组件;膜设备与膜组件的测量仪器等。 | |
| 333 | @a本书可供从事膜分离技术研究、生产以及使用膜设备与技术的企事业单位工程技术人员、管理人员使用,也可供大专院校学生及其他相关专业的工程技术人员使用 | |
| 410 | 0 | @12001 @a现代膜技术与应用丛书 |
| 606 | 0 | @a膜@x分离@x化工设备 |
| 606 | 0 | @a膜@x分离@x组件@x组装 |
| 690 | @aTQ028.8@v5 | |
| 701 | 0 | @a叶三纯@9ye san chun@4编著 |
| 701 | 0 | @a闻浩南@9wen hao nan@4编著 |
| 801 | 0 | @aCN@c20160515 |
| 905 | @a河南城建学院图书馆@dTQ028.8@eY446 | |
| 现代膜设备与膜组件组装/叶三纯,闻浩南编著.-北京:化学工业出版社,2015.02 |
| 237页:图;24cm.-(现代膜技术与应用丛书) |
| 使用对象:本书可供从事膜分离技术研究、生产以及使用膜设备与技术的企事业单位工程技术人员、管理人员使用,也可供大专院校学生及其他相关专业的工程技术人员使用 |
| ISBN 978-7-122-22435-4:CNY68.00 |
| 本书介绍了膜设备与膜组件组装以及诸多新开发的膜组件与先进的膜元件和实例。第一部分对膜设备与膜组件的基础做了重点介绍包括膜设备的分类、设计与要求;最新MBBR工艺设计的应用;膜组件的主要选择;膜组件的形式与特性;膜组件的开发与改进;膜分离的制氧设备;膜分离用泵及其选定;膜组件的组装方法等。第二部分阐述了反渗透与设备;超滤膜与设备;纳滤膜与设备;微滤膜组件与设备;陶瓷膜与设备;膜生物反应器与膜组件;膜设备与膜组件的测量仪器等。 |
| ● |
| 相关链接 |
|
|
|
正题名:现代膜设备与膜组件组装
索取号:TQ028.8/Y446
 
预约/预借
| 序号 | 登录号 | 条形码 | 馆藏地/架位号 | 状态 | 备注 |
| 1 | 1285063 | 212850636 | 自科库501/501自科库 138排1列4层/ [索取号:TQ028.8/Y446] | 在馆 | |
| 2 | 1285064 | 212850645 | 自科库501/501自科库 138排1列4层/ [索取号:TQ028.8/Y446] | 在馆 | |
| 3 | 1308186 | 213081868 | 市政与环境工程学院资料室/ [索取号:TQ028.8/Y446] | 在馆 | |
| 4 | 1308187 | 213081877 | 市政与环境工程学院资料室/ [索取号:TQ028.8/Y446] | 在馆 | |
| 5 | 1308188 | 213081886 | 市政与环境工程学院资料室/ [索取号:TQ028.8/Y446] | 在馆 |